| 000 | 00381nam a2200145Ia 4500 | ||
|---|---|---|---|
| 008 | 150201s2004 xx 000 0 und d | ||
| 082 |
_a617.693 _bB2004G |
||
| 100 | _aGRAG, ARUN K. | ||
| 245 | _aBONE BIOLOGY HARVESTING GRAFTING FOR IMPLANTS | ||
| 250 | _a1ST | ||
| 260 |
_bQUINTESSENCE PUBLICATION _aCHICAGO _c2004 |
||
| 300 | _a1-279 | ||
| 650 | _aIMPLANTOLOGY | ||
| 942 |
_2ddc _cBK |
||
| 999 |
_c4443 _d4443 |
||